Managerial economics / (Record no. 66225)

MARC details
000 -LEADER
fixed length control field 00412nam a22001457a 4500
005 - DATE AND TIME OF LATEST TRANSACTION
control field 20170828104654.0
020 ## - INTERNATIONAL STANDARD BOOK NUMBER
International Standard Book Number 812420215X
Terms of availability 00.00
035 ## - SYSTEM CONTROL NUMBER
System control number B-055324
037 ## - SOURCE OF ACQUISITION
Stock number DPL
Source of stock number/acquisition ENG
100 ## - MAIN ENTRY--PERSONAL NAME
Personal name Sarkar, Manoj Kumar
245 ## - TITLE STATEMENT
Title Managerial economics /
Statement of responsibility, etc by Manoj Kumar Sarkar
260 ## - PUBLICATION, DISTRIBUTION, ETC. (IMPRINT)
Place of publication, distribution, etc New Delhi
Name of publisher, distributor, etc Crest Publishing House
Date of publication, distribution, etc 2000
300 ## - PHYSICAL DESCRIPTION
Extent 154p.
Dimensions 20 cms.
942 ## - ADDED ENTRY ELEMENTS (KOHA)
Source of classification or shelving scheme Dewey Decimal Classification
Item type English Books
Classification part 330.068
Call number suffix SAR
Holdings
Withdrawn status Lost status Not for loan Collection code Home library Current library Date acquired Cost, normal purchase price Full call number Barcode Cost, replacement price Koha item type Public note
      Non-fiction Sarojini Nagar Sarojini Nagar 05/05/2012 0.00 330.068 SAR B-055324 0.00 English Books WITHDRAWN LIST NO. 5/9

© Delhi Public Library
Hit Counter
free hit counter